Innovation, science, environment (Record no. 89341)
[ view plain ]
| 000 -LEADER | |
|---|---|
| fixed length control field | 01658nam a2200385Ia 4500 |
| 245 00 - TITLE STATEMENT | |
| Title | Innovation, science, environment |
| 260 ## - PUBLICATION, DISTRIBUTION, ETC. (IMPRINT) | |
| Place of publication | Montreal ; |
| -- | Ithaca : |
| Name of publisher | Published for the School of Public Policy and Administration, Carleton University by McGill-Queen's University Press, |
| Year of publication | c2006. |
| 300 ## - PHYSICAL DESCRIPTION | |
| Number of Pages | viii, 245 p. |
| 650 #0 - SUBJECT ADDED ENTRY--TOPICAL TERM | |
| Topical Term | Environmental policy |
| Topical Term | Environmental policy. |
| Topical Term | Research institutes |
| Topical Term | Science and state |
| Topical Term | Science and state. |
| Topical Term | Technological innovations |
| Topical Term | Technological innovations |
| 700 1# - ADDED ENTRY--PERSONAL NAME | |
| Personal name | Doern, G. Bruce. |
| 856 40 - ELECTRONIC LOCATION AND ACCESS | |
| Uniform Resource Identifier | http://site.ebrary.com/lib/rucke/Doc?id=10559038 |
No items available.
